| 000 | 00838nam a22002057a 4500 | ||
|---|---|---|---|
| 005 | 20100729140435.0 | ||
| 010 | _aENG-97318 | ||
| 020 |
_a9788184501933 _c1500.00 |
||
| 035 | _aEN-80851 | ||
| 037 | _bDBAD/PUB | ||
| 082 | _a362.10954 | ||
| 100 |
_aGoel, S.L. _93966 |
||
| 245 |
_aPolicies and programmes of health care system and hospital administration : _bhealth care system and hospital administration -3 / _cby S.L. Goel |
||
| 260 |
_aNew Delhi _bDeep & Deep Publications _c2010 |
||
| 270 |
_aF-159, Rajouri Garden, _bNew Delhi _e110027 |
||
| 300 |
_axi, 336p.: _bill. _c25cm, (Hb) |
||
| 500 | _aincludes bibliography and index | ||
| 942 |
_2ddc _cEN _h362.10954 _mGOE |
||
| 999 |
_c38170 _d38170 |
||